|
|
|
|
| LEADER |
00000nab#a22000007a#4500 |
| 001 |
arbauad011426 |
| 003 |
AR-BaUAD |
| 005 |
20250711111158.0 |
| 008 |
950526|||||||||###||||||b###|0###a|spa|| |
| 040 |
|
|
|a AR-BaUAD
|c AR-BaUAD
|b spa
|
| 245 |
1 |
0 |
|a Secession Building, Vienna, Austria
|
| 300 |
0 |
|
|b cortes, fot., plantas
|
| 653 |
|
|
|a OLBRICH, JOSEF MARIA
|
| 653 |
|
|
|a CENTROS DE EXPOSICIONES
|
| 653 |
|
|
|a EDIFICIO SECESSION VIENESA
|
| 653 |
|
|
|a VIENA
|
| 653 |
|
|
|a AUSTRIA
|
| 653 |
|
|
|a 1898
|
| 773 |
0 |
|
|t GA Document Special Issue
|g no. 2 (1981), p. 100-101
|
| 942 |
|
|
|c ARTI
|
| 952 |
|
|
|0 0
|1 0
|4 0
|7 0
|9 56346
|a AR-BAuAD
|b AR-BAuAD
|d 2025-07-11
|l 0
|p AAQA011426
|r 2025-07-11 11:11:58
|w 2025-07-11
|y ARTI
|
| 990 |
|
|
|a AQ198
|b TD
|
| 998 |
|
|
|a AAQ
|b BIBUN76
|
| 999 |
|
|
|c 36019
|d 36019
|